15 Największych miast Nordyckich na mapie - Statystyki

Ogólne statystyki
  • Ten quiz został rozwiązany 27 razy
  • Średni wynik to 12 z 15
Odpowiedzi na mapie
Odpowiedzi zakodowano w zielono-czerwonej skali na mapie do tego quizu, zgodnie z poniższymi procentami.
 
Statystyki odpowiedzi
Państwo Miasto Populacja % Poprawnych
Finlandia Helsinki 680k
100%
Dania Kopenhaga 1,4 mln
100%
Norwegia Oslo 720k
100%
Islandia Reykjavik 240k
100%
Szwecja Sztokholm 1 mln
100%
Norwegia Trondheim 210k
96%
Szwecja Goteborg 600k
88%
Szwecja Malmo 360k
88%
Norwegia Bergen 230k
79%
Finlandia Oulu 210k
79%
Dania Aarhus 300k
67%
Szwecja Uppsala 250k
63%
Finlandia Espoo 320k
58%
Finlandia Tampere 260k
58%
Finlandia Vantaa 250k
38%
Nie znaleziono quizów pasujących do podanych kryteriów
Rozkład punktacji
Procent ludzi z każdym wynikiem
Percentyl według liczby udzielonych odpowiedzi
Twoja historia wyników
Nie rozwiązałeś tego quizu